L'histoire du monde en images - Statistiques

Statistiques générales
  • Ce quiz a été pris 35 fois
  • Le résultat moyen est 11 sur 20
Statistiques - réponses
Par images Réponse % Correct
2001 - Attentats New York
87%
1969 - L'homme sur la Lune
83%
1793 - Mort de Louix XVI
73%
1989 - Chute du mur de Berlin
73%
1492 - Colomb en Amérique
70%
1944 - Libération de Paris
70%
1918 - Fin de la 1e Guerre Mondiale
67%
2020 - Grand confinement
63%
1968 - Manifestations mai 1968
60%
1929 - Krach de Wall Street
57%
1804 - Sacre de Napoléon
53%
1948 - Création d'Israel
53%
1945 - Les femmes votent
50%
1933 - Hitler au pouvoir
47%
800 - sacre de Charlemagne
43%
1947 - Indépendance de l'Inde
37%
1903 - Premier vol, frères Wright
30%
1776 - Indépendance des E.U.
23%
1431 - Mort de Jeanne d'Arc
13%
732 - bataille de Poitiers
13%
Aucun quiz correspondant
Distribution des résultats
% des personnes avec chaque résultat
Percentile par nombre de réponses
Votre historique - résultats
Vous n’avez pas pris ce quiz